Online Catalogue and eLibrary

Divinasaganeeme saha upadeshana prathikara (Record no. 3261)

MARC details
000 -LEADER
fixed length control field 00448nam a2200169Ia 4500
005 - DATE AND TIME OF LATEST TRANSACTION
control field 20250627013836.0
008 - FIXED-LENGTH DATA ELEMENTS--GENERAL INFORMATION
fixed length control field 240331s9999 xx 000 0 und d
020 ## - INTERNATIONAL STANDARD BOOK NUMBER
ISBN 9556520312
082 ## - DDC Classification
Item Number - Author Mark FER
Class No. 364
100 ## - MAIN ENTRY--PERSONAL NAME
Personal name Fernando,N
245 #0 - TITLE STATEMENT
Title Divinasaganeeme saha upadeshana prathikara
260 ## - PUBLICATION, DISTRIBUTION, ETC.
Place of publication, distribution, etc. Mulleriyawa
Name of publisher, distributor, etc. Wijesuriya Book Centre
Date of publication, distribution, etc. 2003
300 ## - PHYSICAL DESCRIPTION
Extent (e.g. Volumes, Pages etc.) 155 p .,
650 ## - SUBJECT ADDED ENTRY--TOPICAL TERM
Topical term or geographic name entry element Suicidal behaviour
650 ## - SUBJECT ADDED ENTRY--TOPICAL TERM
Topical term or geographic name entry element Counselling treatment
942 ## - Koha item type (Biblio)
Koha item type Books in Stacks (Lending)
Holdings
Lost status Damaged status Collection code Home library Current library Shelving location Date acquired Full call number Accession Number Item type
    Lending WERC Library WERC Library Social Science Cupboard 03/31/2024 364.15 FER 3969 Books in Stacks (Lending)

© WERC Library